Normal view
MARC view
- Mechanical drawing.
Entry Topical Term
001 - CONTROL NUMBER
- control field: 2841
003 - CONTROL NUMBER IDENTIFIER
- control field: NUST
005 - DATE AND TIME OF LATEST TRANSACTION
- control field: 20170616123109.0
008 - FIXED-LENGTH DATA ELEMENTS
- fixed length control field: 170616|| aca||aabn | a|a d
040 ## - CATALOGING SOURCE
- Original cataloging agency: NUST
- Transcribing agency: NUST
150 ## - HEADING--TOPICAL TERM
- Topical term or geographic name entry element: Mechanical drawing.
670 ## - SOURCE DATA FOUND
- Source citation: Work cat.: (NUST)0: Jojhe, Dhananjay A. 2840, Engineering drawing with an introduction to AutoCAD, 2008
